[Event "CZE-chT2E 2223"]
[Site "Czech Republic"]
[Date "2022.12.18"]
[Round "5.2"]
[White "Mohapl, Tomas"]
[Black "Ruzicka, Josef"]
[Result "1/2-1/2"]
[WhiteElo "1970"]
[BlackElo "2142"]
[PlyCount "81"]
[EventDate "2022.10.16"]
[EventType "team-tourn"]
[EventRounds "11"]
[EventCountry "CZE"]
[SourceTitle "EXT 2024"]
[Source "ChessBase"]
[SourceDate "2023.10.10"]
[SourceVersion "1"]
[SourceVersionDate "2023.10.10"]
[SourceQuality "1"]
[WhiteTeam "Olomouc"]
[BlackTeam "Znojmo"]
[WhiteTeamCountry "CZE"]
[BlackTeamCountry "CZE"]

1. e4 c5 2. Nf3 d6 3. d4 cxd4 4. Nxd4 Nf6 5. Nc3 a6 6. f3 e5 7. Nb3 Be6 8. Be3 b5 9. Qd2 Nbd7 10. g4 b4 11. Nd5 Bxd5 12. exd5 Nb6 13. Qxb4 Nfxd5 14. Qd2 Nxe3 15. Qxe3 Be7 16. c3 0-0 17. Bd3 Bh4+ 18. Kd1 a5 19. Kc2 a4 20. Nd2 a3 21. b3 Rc8 22. Nc4 Nxc4 23. Bxc4 Rc5 24. Rad1 Qc7 25. Qe4 Kh8 26. Rd5 Rc6 27. f4 f5 28. gxf5 Bf6 29. fxe5 Bxe5 30. h4 Qc8 31. Rf1 Rc5 32. Rxc5 Qxc5 33. h5 h6 34. Qd5 Qe3 35. Qd3 Qg5 36. Qh3 Re8 37. Qf3 Rc8 38. Qb7 Rf8 39. Qf3 Rc8 40. Qb7 Rf8 41. Qf3 1/2-1/2

[Event "Olomouc op 23rd"]
[Site "Olomouc"]
[Date "2022.08.14"]
[Round "2"]
[White "Marek, Matyas"]
[Black "Mohapl, Tomas"]
[Result "1/2-1/2"]
[WhiteElo "2353"]
[BlackElo "1877"]
[PlyCount "82"]
[EventDate "2022.08.13"]
[EventType "swiss"]
[EventRounds "9"]
[EventCountry "CZE"]
[SourceTitle "CBM 209 Extra"]
[Source "ChessBase"]
[SourceDate "2022.09.30"]
[SourceVersion "1"]
[SourceVersionDate "2022.09.30"]
[SourceQuality "1"]

1. c4 c6 2. Nf3 d5 3. e3 Nf6 4. Nc3 a6 5. b3 Bf5 6. Bb2 e6 7. Be2 h6 8. d3 Be7 9. Qc2 0-0 10. Rg1 dxc4 11. bxc4 b5 12. Ne5 Nfd7 13. Nxd7 Nxd7 14. e4 Bh7 15. cxb5 cxb5 16. Nd1 Bb4+ 17. Kf1 Rc8 18. Qb1 Ba5 19. a4 Nc5 20. g4 Nb3 21. Qa2 Nxa1 22. Qxa1 f6 23. h4 Rf7 24. axb5 axb5 25. Qa2 Rc6 26. Qb3 b4 27. g5 hxg5 28. hxg5 fxg5 29. Bg4 Qe7 30. Qa4 Qc7 31. Bh5 Re7 32. Rxg5 Bb6 33. Qxb4 Rc5 34. Bf6 Rxg5 35. Bxg5 Rd7 36. Bg4 Qd6 37. Qxd6 Rxd6 38. Ke2 Kf7 39. Ne3 Bxe3 40. Kxe3 e5 41. Bh4 Bg8 1/2-1/2

[Event "CZE-chT2F 2122"]
[Site "Czech Republic"]
[Date "2022.01.30"]
[Round "7.7"]
[White "Mohapl, Tomas"]
[Black "Beseda, Roman"]
[Result "1-0"]
[WhiteElo "1802"]
[BlackElo "2043"]
[PlyCount "65"]
[EventDate "2021.10.17"]
[EventType "team-tourn"]
[EventRounds "11"]
[EventCountry "CZE"]
[SourceTitle "EXT 2024"]
[Source "ChessBase"]
[SourceDate "2023.10.10"]
[SourceVersion "1"]
[SourceVersionDate "2023.10.10"]
[SourceQuality "1"]
[WhiteTeam "Prostejov"]
[BlackTeam "Dobra Sokol"]
[WhiteTeamCountry "CZE"]
[BlackTeamCountry "CZE"]

1. e4 e6 2. d4 d5 3. Nc3 dxe4 4. Nxe4 Nd7 5. Nf3 Ngf6 6. Nxf6+ Nxf6 7. Be2 c5 8. 0-0 Be7 9. dxc5 Qxd1 10. Rxd1 Bxc5 11. Ne5 Ke7 12. Bf3 Bd6 13. Rxd6 Kxd6 14. Nxf7+ Ke7 15. Nxh8 e5 16. Bg5 Be6 17. Bxb7 Rxh8 18. b3 Rb8 19. Bf3 h6 20. Be3 a5 21. Bc5+ Kf7 22. Bd6 Rc8 23. c4 e4 24. Be2 a4 25. Rc1 axb3 26. axb3 Rc6 27. Bf4 Rb6 28. Rb1 Rb4 29. Bd2 Rb8 30. b4 Ra8 31. Be3 Ra2 32. Bf1 Rc2 33. b5 1-0

[Event "CZE-chT2F 2122"]
[Site "Czech Republic"]
[Date "2021.12.19"]
[Round "5.8"]
[White "Jarolim, Jan"]
[Black "Mohapl, Tomas"]
[Result "1-0"]
[WhiteElo "1981"]
[BlackElo "1836"]
[PlyCount "51"]
[EventDate "2021.10.17"]
[EventType "team-tourn"]
[EventRounds "11"]
[EventCountry "CZE"]
[SourceTitle "EXT 2024"]
[Source "ChessBase"]
[SourceDate "2023.10.10"]
[SourceVersion "1"]
[SourceVersionDate "2023.10.10"]
[SourceQuality "1"]
[WhiteTeam "Poruba Slavoj III"]
[BlackTeam "Prostejov"]
[WhiteTeamCountry "CZE"]
[BlackTeamCountry "CZE"]

1. e4 e6 2. d4 d5 3. exd5 exd5 4. c4 Nf6 5. Nc3 Bb4 6. Bd3 0-0 7. Nge2 c5 8. 0-0 Be6 9. Nxd5 Bxd5 10. cxd5 Qxd5 11. a3 Ba5 12. dxc5 Bc7 13. Qc2 Nbd7 14. b4 Be5 15. Rb1 Rac8 16. Rd1 Qc6 17. Bb2 Bxh2+ 18. Kxh2 Ng4+ 19. Kg1 Qh6 20. Ng3 Qh2+ 21. Kf1 g6 22. Bf5 Ndf6 23. Bxg4 Nxg4 24. Qc3 f6 25. Qc4+ Kh8 26. Qxg4 1-0

[Event "EU-chT U12"]
[Site "Pardubice"]
[Date "2019.07.15"]
[Round "5.3"]
[White "Mohapl, Tomas"]
[Black "Thatte, Nishchal"]
[Result "0-1"]
[WhiteElo "1585"]
[BlackElo "1686"]
[PlyCount "62"]
[EventDate "2019.07.11"]
[EventType "team-swiss"]
[EventRounds "7"]
[EventCountry "CZE"]
[SourceTitle "EXT 2020"]
[Source "ChessBase"]
[SourceDate "2019.10.17"]
[SourceVersion "1"]
[SourceVersionDate "2019.10.17"]
[SourceQuality "1"]
[WhiteTeam "Czech Republic U12 III"]
[BlackTeam "England U12"]
[WhiteTeamCountry "CZE"]
[BlackTeamCountry "ENG"]

1. e4 e6 2. d4 d5 3. Nc3 Bb4 4. e5 c5 5. a3 Bxc3+ 6. bxc3 Ne7 7. Qg4 cxd4 8. Bd3 Qa5 9. Ne2 Nd7 10. 0-0 dxc3 11. Qxg7 Rg8 12. Qxh7 Nxe5 13. Bf4 Nxd3 14. Qxd3 Bd7 15. Rfe1 Rc8 16. Qh7 Qa4 17. h4 Rc4 18. Bg3 Rcg4 19. Nxc3 Qd4 20. Qd3 Qc5 21. Kh2 Bc6 22. Red1 d4 23. Ne2 Qd5 24. Rg1 Nf5 25. Qf3 Qxf3 26. gxf3 Bxf3 27. Nf4 Nxh4 28. Nd3 Rh8 29. Nf4 Rxf4 30. Bxh4 Rfxh4+ 31. Kg3 Rh3+ 0-1

[Event "EU-chT U12"]
[Site "Pardubice"]
[Date "2019.07.14"]
[Round "4.4"]
[White "Mohapl, Tomas"]
[Black "Olenik Campa, Rudi"]
[Result "1-0"]
[WhiteElo "1585"]
[BlackElo "1854"]
[PlyCount "41"]
[EventDate "2019.07.11"]
[EventType "team-swiss"]
[EventRounds "7"]
[EventCountry "CZE"]
[SourceTitle "EXT 2020"]
[Source "ChessBase"]
[SourceDate "2019.10.17"]
[SourceVersion "1"]
[SourceVersionDate "2019.10.17"]
[SourceQuality "1"]
[WhiteTeam "Czech Republic U12 III"]
[BlackTeam "Slovenia U12"]
[WhiteTeamCountry "CZE"]
[BlackTeamCountry "SLO"]

1. e4 e6 2. d4 d5 3. Nc3 Nf6 4. e5 Nfd7 5. f4 c5 6. Nf3 Nc6 7. Be3 a6 8. Qd2 b5 9. dxc5 Nxc5 10. Qf2 Nd7 11. Bd3 Be7 12. 0-0 0-0 13. Kh1 f6 14. Qh4 h6 15. Qg3 f5 16. Qg6 Ndb8 17. g4 Kh8 18. Rg1 Rg8 19. gxf5 exf5 20. Nd4 Bb7 21. Bxf5 1-0

[Event "CZE-ch U10"]
[Site "Kouty nad Desnou"]
[Date "2017.03.18"]
[Round "9"]
[White "Mohapl, Tomas"]
[Black "Brozka, Karel"]
[Result "0-1"]
[WhiteElo "1293"]
[BlackElo "1708"]
[PlyCount "162"]
[EventDate "2017.03.11"]
[EventType "swiss"]
[EventRounds "9"]
[EventCountry "CZE"]
[SourceTitle "CBM 177 Extra"]
[Source "ChessBase"]
[SourceDate "2017.04.27"]
[SourceVersion "1"]
[SourceVersionDate "2017.04.27"]
[SourceQuality "1"]

1. e4 c6 2. d4 d5 3. Nc3 dxe4 4. Nxe4 Nf6 5. Nxf6+ exf6 6. Nf3 Bd6 7. Be3 0-0 8. Be2 Be6 9. 0-0 Qc7 10. Bd3 Nd7 11. h3 Rfd8 12. c3 Nf8 13. Qc2 Qd7 14. Be2 Ng6 15. Qd2 Qc7 16. Rfd1 Nf4 17. Bxf4 Bxf4 18. Qe1 Re8 19. Qf1 Qb6 20. Rab1 Bxa2 21. Ra1 Qxb2 22. Bd3 Rab8 23. g3 Bh6 24. Bc4 Bxc4 25. Qxc4 a6 26. Ra2 Qb6 27. Qd3 Rbd8 28. Rb1 Qc7 29. Rab2 b5 30. c4 Qd7 31. cxb5 cxb5 32. Ra2 Ra8 33. Rba1 Re6 34. Ra5 g6 35. Rxb5 axb5 36. Rxa8+ Kg7 37. Rb8 Rc6 38. Qxb5 Rc1+ 39. Kg2 Qe7 40. Qb4 Qxb4 41. Rxb4 f5 42. d5 Rd1 43. Rd4 Rxd4 44. Nxd4 Kf8 45. Nb5 Ke7 46. Kf3 Kf6 47. Ke2 Ke5 48. d6 Ke6 49. Kd3 Bf8 50. g4 fxg4 51. hxg4 Bxd6 52. Ke4 Bb8 53. Nd4+ Kd6 54. Nb5+ Kc6 55. Nd4+ Kd6 56. Nb5+ Ke7 57. Nd4 Kf6 58. Kf3 Kg5 59. Nc6 Bc7 60. Ne7 Bd6 61. Nd5 f5 62. gxf5 Kxf5 63. Ne3+ Kg5 64. Kg2 Bc5 65. Nd5 Kf5 66. Nc3 h5 67. Ne2 h4 68. Ng1 g5 69. Nf3 Kf4 70. Nd2 g4 71. f3 g3 72. Ne4 Bd4 73. Nd2 Ke3 74. Nf1+ Kf4 75. Nd2 Be5 76. Nc4 Bc7 77. Nd2 Ke3 78. Ne4 Bb8 79. Ng5 Bd6 80. Ne4 Bf4 81. Nc3 h3+ 0-1